| 000 | 01586cam a22002891ia4500 | ||
|---|---|---|---|
| 003 | SA-RiAUC | ||
| 005 | 20250718140006.0 | ||
| 008 | 241211s2009____su f 000 0 ara c | ||
| 020 | _a9960525260 | ||
| 040 |
_aSA-JeALM _bara _cSA-RiAUC _erda |
||
| 082 | 0 | 4 |
_a347.531072 _qSA-RiAUC |
| 090 |
_a347.531072 _b ذهـ ب |
||
| 100 | 1 |
_aالذهبي، محمد بن أحمد بن عثمان، _d673-748 هجري. _eمؤلف. |
|
| 245 | 1 | 2 |
_aالكاشف في معرفة من له رواية في الكتب الستة / _cلشمس الدين أبي عبد الله محمد بن أحمد الذهبي الدمشقي. و، حاشيته / برهان الدين أبي الوفاء إبراهيم بن محمد سبط بن العجمي الحلبي ؛ قابلهما بأصل مؤلفيهما وقدم لهما وعلق عليهما وخرج نصوصهما محمد عوامة، أحمد محمد نمر الخطيب. |
| 250 | _aالطبعة الثانية. | ||
| 264 | 1 |
_aجدة، السعودية : _bدار المنهاج، _c2009 |
|
| 300 |
_a5 مجلد ؛ _c24 سم |
||
| 336 |
_aنص _btxt _2rdacontent _3كتاب |
||
| 337 |
_aبدون وسيط _bn _2rdamedia |
||
| 338 |
_aمجلد _bnc _2rdacarrier |
||
| 650 | 7 |
_aالحديث تراجم الرواة. _2aucsh |
|
| 700 |
_aسبط ابن العجمي، إبراهيم بن محمد بن خليل، _b753-841 هجري. _eمعلق. |
||
| 700 |
_aعوامة، محمد، _b 1940- _eمحقق. |
||
| 700 |
_aالخطيب، أحمد محمد نمر . _eمحقق, |
||
| 942 |
_2ddc _cBOOK _n0 |
||
| 949 |
_aSA-JeALM _d241211 _umohamedma123 _n1 |
||
| 999 |
_c3399 _d3399 |
||